[Event "Düsseldorfer SK 1 - SV Mülheim-Nord 2"]
[Site "Oberliga NRW 2012/2013"]
[Date "2012.09.16"]
[Round "1.1"]
[White "Rezasade, Amir"]
[Black "Stark, Lars"]
[Result "0-1"]
[WhiteElo "2302"]
[BlackElo "2415"]
[PlyCount "48"]
[EventDate "2012.??.??"]
[WhiteTeam "SV Mülheim-Nord 2"]
[BlackTeam "Düsseldorfer SK 1"]

1. c4 Nf6 2. g3 e5 3. Bg2 h6 4. Nc3 Bb4 5. Nf3 Bxc3 6. bxc3 d6 7. O-O O-O 8. d3
Re8 9. e4 c6 10. Re1 Na6 11. Ba3 Qc7 12. Rb1 Bd7 13. Nh4 Rad8 14. Nf5 Bxf5 15.
exf5 d5 16. Qb3 b6 17. h3 Nb8 18. cxd5 cxd5 19. g4 Nc6 20. Bc1 e4 21. dxe4 Nxe4
22. c4 Nd4 23. Qd1 Nc3 24. Rxe8+ Rxe8 0-1

[Event "Düsseldorfer SK 1 - SV Mülheim-Nord 2"]
[Site "Oberliga NRW 2012/2013"]
[Date "2012.09.16"]
[Round "1.2"]
[White "Schuh, Dirk"]
[Black "Schoorl, Rob"]
[Result "1/2-1/2"]
[WhiteElo "2391"]
[BlackElo "2332"]
[PlyCount "87"]
[EventDate "2012.??.??"]
[WhiteTeam "Düsseldorfer SK 1"]
[BlackTeam "SV Mülheim-Nord 2"]

1. d4 d5 2. c4 c6 3. Nf3 Nf6 4. Nbd2 Bf5 5. Nh4 Bg4 6. h3 Bh5 7. g4 Bg6 8. Nxg6
hxg6 9. Bg2 e6 10. e4 dxe4 11. Nxe4 Nxe4 12. Bxe4 Bb4+ 13. Kf1 O-O 14. Be3 Bd6
15. g5 Nd7 16. Qg4 e5 17. Rd1 exd4 18. Bxd4 Qe7 19. h4 f5 20. gxf6 Nxf6 21.
Bxf6 Rxf6 22. f3 Raf8 23. Kg2 Qe5 24. Rd2 Bc7 25. Re2 Qd6 26. h5 gxh5 27. Rxh5
Rh6 28. c5 Qf6 29. Bd3 Bf4 30. Rxh6 Qxh6 31. Bc4+ Kh8 32. Qh3 Qxh3+ 33. Kxh3
Bg5 34. Kg3 g6 35. Bd3 Kg7 36. Re6 Bf6 37. b3 Rd8 38. Bc4 a5 39. Kf4 Rd4+ 40.
Ke3 Rd7 41. Rd6 Re7+ 42. Re6 Rd7 43. Rd6 Re7+ 44. Re6 1/2-1/2

[Event "Düsseldorfer SK 1 - SV Mülheim-Nord 2"]
[Site "Oberliga NRW 2012/2013"]
[Date "2012.09.16"]
[Round "1.3"]
[White "Hausrath, Daniel"]
[Black "de Gleria, Francesco"]
[Result "1/2-1/2"]
[WhiteElo "2451"]
[BlackElo "2335"]
[PlyCount "79"]
[EventDate "2012.??.??"]
[WhiteTeam "SV Mülheim-Nord 2"]
[BlackTeam "Düsseldorfer SK 1"]

1. Nf3 g6 2. g3 Bg7 3. d4 Nf6 4. Bg2 O-O 5. O-O d6 6. b3 Bg4 7. Bb2 Qc8 8. Re1
Na6 9. Nbd2 c5 10. e3 Rb8 11. c4 Nb4 12. Bc3 Nd3 13. Rf1 cxd4 14. exd4 Nd5 15.
Qc2 N3b4 16. Bxb4 Bf5 17. Qb2 Nxb4 18. Rad1 Bd3 19. Rfe1 Nc2 20. Rxe7 Qd8 21.
Re4 Bxe4 22. Nxe4 Nb4 23. Qd2 Nc6 24. d5 Ne5 25. Qb4 Nxf3+ 26. Bxf3 Be5 27. c5
dxc5 28. Qxc5 f5 29. Nd2 b6 30. Qc6 Rf6 31. Qb5 Bd6 32. Re1 Kg7 33. Kg2 Rb7 34.
Re8 Qd7 35. Qe2 b5 36. b4 Kf7 37. Rh8 Kg7 38. Re8 Kf7 39. Rh8 Kg7 40. Re8
1/2-1/2

[Event "Düsseldorfer SK 1 - SV Mülheim-Nord 2"]
[Site "Oberliga NRW 2012/2013"]
[Date "2012.09.16"]
[Round "1.4"]
[White "Borngaesser, Rene"]
[Black "Bus, Tomas"]
[Result "1/2-1/2"]
[WhiteElo "2288"]
[BlackElo "2102"]
[PlyCount "20"]
[EventDate "2012.??.??"]
[WhiteTeam "Düsseldorfer SK 1"]
[BlackTeam "SV Mülheim-Nord 2"]

1. e4 c5 2. Nc3 Nc6 3. g3 g6 4. Bg2 Bg7 5. d3 d6 6. Be3 h5 7. h3 e5 8. Nge2
Nge7 9. O-O Nd4 10. f4 h4 1/2-1/2

[Event "Düsseldorfer SK 1 - SV Mülheim-Nord 2"]
[Site "Oberliga NRW 2012/2013"]
[Date "2012.09.16"]
[Round "1.5"]
[White "Wittenberg, Andreas"]
[Black "Balster, Stefan"]
[Result "1/2-1/2"]
[WhiteElo "2107"]
[BlackElo "2259"]
[PlyCount "33"]
[EventDate "2012.??.??"]
[WhiteTeam "SV Mülheim-Nord 2"]
[BlackTeam "Düsseldorfer SK 1"]

1. d4 d5 2. Nf3 Nf6 3. c4 e6 4. g3 dxc4 5. Qa4+ Nbd7 6. Bg2 a6 7. Qxc4 b5 8.
Qc2 Bb7 9. O-O c5 10. dxc5 Bxc5 11. Bg5 Rc8 12. Qd2 O-O 13. Nc3 Nb6 14. Qxd8
Rfxd8 15. Rac1 h6 16. Bxf6 gxf6 17. Rfd1 1/2-1/2

[Event "Düsseldorfer SK 1 - SV Mülheim-Nord 2"]
[Site "Oberliga NRW 2012/2013"]
[Date "2012.09.16"]
[Round "1.6"]
[White "Gazic, Josip"]
[Black "Krueger, Andre"]
[Result "1-0"]
[WhiteElo "2252"]
[BlackElo "2106"]
[Annotator "Doe,John"]
[PlyCount "117"]
[EventDate "2012.??.??"]
[WhiteTeam "Düsseldorfer SK 1"]
[BlackTeam "SV Mülheim-Nord 2"]

1. e4 c6 2. d4 d5 3. exd5 cxd5 4. Bd3 Nc6 5. Nf3 Nf6 6. c3 g6 7. Ne5 Bg7 8. Nd2
Nxe5 9. dxe5 Nd7 10. f4 Nc5 11. Bb5+ Bd7 12. Qe2 O-O 13. Nb3 Nxb3 14. axb3 d4
15. Bc4 Bf5 16. cxd4 Qxd4 17. Be3 Qe4 18. O-O a6 19. Ra4 Qc2 20. Qxc2 Bxc2 21.
Rc1 Bf5 22. Bd5 Rfd8 23. Rd4 Rd7 $11 24. Rcc4 Rxd5 25. Rxd5 Be6 26. Rdc5 Bxc4
27. bxc4 f6 28. e6 f5 29. b3 Bf6 30. Rc7 Rb8 31. Bb6 Kf8 32. g3 Rd8 33. Rd7 Rc8
34. c5 Rc6 35. b4 Bc3 36. Ba5 Rxe6 37. Rxb7 Ke8 38. Rc7 Kf7 39. Rc8 Re4 40. Rb8
Rc4 41. Kf2 Bd4+ 42. Ke2 Bxc5 43. bxc5 Rxc5 44. Bd2 Rc6 45. Rb7 Re6+ 46. Be3
Rc6 47. Kd3 Rd6+ 48. Bd4 Rc6 49. Bc3 Rd6+ 50. Kc4 Re6 51. Bb4 Re2 52. Kd5 Ke8
53. Bc3 Kf7 54. Rb2 Re6 55. Be5 a5 56. Rb8 Ra6 57. Rh8 h5 58. Rh7+ Ke8 59. Kc5
1-0

[Event "Düsseldorfer SK 1 - SV Mülheim-Nord 2"]
[Site "Oberliga NRW 2012/2013"]
[Date "2012.09.16"]
[Round "1.8"]
[White "Luncescu, Christian"]
[Black "Zhang, Fan"]
[Result "1/2-1/2"]
[WhiteElo "2155"]
[BlackElo "2002"]
[Annotator "Doe,John"]
[PlyCount "99"]
[EventDate "2012.??.??"]
[WhiteTeam "Düsseldorfer SK 1"]
[BlackTeam "SV Mülheim-Nord 2"]

1. e4 e6 2. d3 d5 3. Nd2 Nf6 4. Ngf3 dxe4 5. dxe4 b6 6. Bd3 Be7 7. O-O Ba6 8.
Bxa6 Nxa6 9. c3 Nc5 10. e5 Nd5 11. Qc2 Nf4 12. Nb3 Qd3 13. Qxd3 Nfxd3 14. Nxc5
Bxc5 15. b4 Be7 16. Rd1 O-O-O 17. Kf1 Rd7 18. Ke2 Rhd8 19. Be3 Nb2 20. Rxd7
Rxd7 21. Nd4 Kb7 22. f4 Nc4 23. a4 c5 24. Nc2 cxb4 25. cxb4 a6 26. Rb1 Nxe3 27.
Kxe3 b5 28. axb5 axb5 29. g3 Rc7 30. Kd3 Rc4 31. Na3 Rxb4 32. Rxb4 Bxb4 33.
Nxb5 Kc6 34. Kc4 Bc5 35. h3 h5 36. Nc3 Bf2 $11 37. Ne4 Be1 38. Kd4 Kd7 39. Ke3
Bb4 40. Kf3 Ke7 41. g4 hxg4+ 42. hxg4 g6 43. Nf2 Be1 44. Nd3 Ba5 45. Ke4 Bb6
46. Nb4 Kd7 47. f5 gxf5+ 48. gxf5 exf5+ 49. Kxf5 Bc7 50. Kf6 1/2-1/2

[Event "Aachener SV 1 - SV Wattenscheid 2"]
[Site "Oberliga NRW 2012/2013"]
[Date "2012.09.16"]
[Round "1.1"]
[White "Henrichs, Thomas"]
[Black "Koch, Thomas"]
[Result "0-1"]
[WhiteElo "2508"]
[BlackElo "2402"]
[PlyCount "59"]
[EventDate "2012.??.??"]
[WhiteTeam "SV Wattenscheid 2"]
[BlackTeam "Aachener SV 1"]

1. d4 Nf6 2. c4 e6 3. Nc3 Bb4 4. Nf3 O-O 5. Bg5 c5 6. d5 Bxc3+ 7. bxc3 d6 8. e3
exd5 9. cxd5 Nbd7 10. Bd3 Qa5 11. Qc2 h6 12. Bf4 Nxd5 13. Bxd6 Re8 14. Rc1 N7f6
15. O-O Bd7 16. Bg3 b5 17. Ne5 c4 18. Be2 Qa3 19. Bf3 Be6 20. Rfd1 Rac8 21. Rd4
Qc5 22. a4 a6 23. axb5 axb5 24. Rcd1 Ra8 25. e4 Nb6 26. Rd6 Rac8 27. Bf4 Na4
28. h4 Qa3 29. Nc6 Qxc3 30. Qb1 0-1

[Event "Aachener SV 1 - SV Wattenscheid 2"]
[Site "Oberliga NRW 2012/2013"]
[Date "2012.09.16"]
[Round "1.2"]
[White "Piceu, Tom"]
[Black "Mladenov, Svetlin"]
[Result "0-1"]
[WhiteElo "2319"]
[BlackElo "2352"]
[PlyCount "102"]
[EventDate "2012.??.??"]
[WhiteTeam "Aachener SV 1"]
[BlackTeam "SV Wattenscheid 2"]

1. c4 e5 2. g3 Nf6 3. Bg2 Nc6 4. Nc3 Bc5 5. Nf3 d6 6. O-O O-O 7. e3 a6 8. a3
Ba7 9. b4 Be6 10. d3 e4 11. Ng5 Bg4 12. Qd2 exd3 13. h3 Bf5 14. g4 Bg6 15. f4
h6 16. Nf3 Re8 17. Re1 Ne4 18. Nxe4 Bxe4 19. Bb2 Re7 20. b5 axb5 21. cxb5 Na5
22. Qc3 Qf8 23. Kf2 d5 24. Ne5 d2 25. Re2 Bxg2 26. Kxg2 Nc4 27. Nxc4 dxc4 28.
e4 Rd8 29. Rd1 Rd3 30. Qxc4 Qd8 31. e5 Kh8 32. e6 Rxe6 33. Rxe6 fxe6 34. Qxe6
Bd4 35. Bxd4 Rxd4 36. f5 Qg5 37. Qe5 Rd3 38. a4 b6 39. Qe8+ Kh7 40. Qe2 Rd4 41.
Rf1 h5 42. Kg3 Qd8 43. Rd1 Rd3+ 44. Kg2 Qd5+ 45. Kf2 Rxh3 46. Rxd2 Rh2+ 47. Kg3
Qxd2 48. Qxh2 Qxh2+ 49. Kxh2 Kh6 50. Kg3 Kg5 51. gxh5 Kxf5 0-1

[Event "Aachener SV 1 - SV Wattenscheid 2"]
[Site "Oberliga NRW 2012/2013"]
[Date "2012.09.16"]
[Round "1.3"]
[White "Tereick, Benjamin"]
[Black "Sonntag, Hans-Hubert"]
[Result "0-1"]
[WhiteElo "2373"]
[BlackElo "2339"]
[Annotator "Doe,John"]
[PlyCount "68"]
[EventDate "2012.??.??"]
[WhiteTeam "SV Wattenscheid 2"]
[BlackTeam "Aachener SV 1"]

1. Nf3 d5 2. g3 Nf6 3. Bg2 c6 4. O-O Bf5 5. c4 e6 6. cxd5 exd5 7. d3 h6 8. Qb3
Qb6 9. Qc2 Nbd7 10. e4 dxe4 11. dxe4 Bh7 12. Nc3 Bb4 13. Be3 Qa6 14. Rfe1 O-O
15. Qb3 Bxc3 16. bxc3 Bxe4 17. Bf1 b5 18. Nd2 Bd5 19. Qb4 Qc8 $11 20. a4 a6 21.
Qf4 Re8 22. c4 bxc4 23. Nxc4 Qd8 24. Bd4 Re4 25. Rxe4 Nxe4 26. Ne3 Qg5 27. Nxd5
Qxd5 28. Rd1 c5 29. Bxg7 Qxd1 30. Qxh6 f6 31. Qg6 Ne5 32. Qxe4 Qf3 33. Bg2 Qd1+
34. Bf1 Nf3+ 0-1

[Event "Aachener SV 1 - SV Wattenscheid 2"]
[Site "Oberliga NRW 2012/2013"]
[Date "2012.09.16"]
[Round "1.4"]
[White "Klein, Felix"]
[Black "Souleidis, Georgios"]
[Result "0-1"]
[WhiteElo "2287"]
[BlackElo "2369"]
[PlyCount "122"]
[EventDate "2012.??.??"]
[WhiteTeam "Aachener SV 1"]
[BlackTeam "SV Wattenscheid 2"]

1. e4 g6 2. d4 Bg7 3. Nc3 d6 4. Be3 a6 5. Nf3 b5 6. Bd3 Nd7 7. a4 b4 8. Ne2 Bb7
9. O-O Ngf6 10. Ng3 O-O 11. h3 c5 12. c3 bxc3 13. bxc3 Qa5 14. Bd2 Qc7 15. Qe2
Rfc8 16. d5 c4 17. Bc2 a5 18. Nd4 Ba6 19. Rfb1 Nc5 20. Qe3 Nfd7 21. Nb5 Bxb5
22. axb5 a4 23. Rb4 Nb6 24. Ra3 Nb3 25. Qe1 Nxd2 26. Qxd2 Qc5 27. Ne2 Ra5 28.
Nd4 Bxd4 29. cxd4 Qc7 30. Qc3 Rca8 31. Bd3 Rc8 32. Bc2 Qd7 33. Bd1 Rca8 34. Qb2
Kg7 35. Be2 Qc7 36. Qc3 Rc8 37. Bd1 Qd7 38. Bc2 Rca8 39. Qb2 Qc7 40. Qc3 Qa7
41. Bd1 e6 42. dxe6 fxe6 43. Rxc4 Nxc4 44. Qxc4 Qd7 45. Rxa4 d5 46. exd5 exd5
47. Qe2 Rxa4 48. Bxa4 Rxa4 49. Qe5+ Kf7 50. Qf4+ Qf5 51. Qc7+ Kg8 52. Qd8+ Kg7
53. Qe7+ Qf7 54. Qe5+ Qf6 55. Qc7+ Kh6 56. Qc1+ Kg7 57. Qc7+ Qf7 58. Qe5+ Kh6
59. b6 Ra1+ 60. Kh2 Qxf2 61. b7 Ra2 0-1

[Event "Aachener SV 1 - SV Wattenscheid 2"]
[Site "Oberliga NRW 2012/2013"]
[Date "2012.09.16"]
[Round "1.5"]
[White "Straeter, Timo"]
[Black "Coenen, Norbert"]
[Result "1/2-1/2"]
[WhiteElo "2350"]
[BlackElo "2272"]
[Annotator "Doe,John"]
[PlyCount "81"]
[EventDate "2012.??.??"]
[WhiteTeam "SV Wattenscheid 2"]
[BlackTeam "Aachener SV 1"]

1. d4 Nf6 2. Nf3 g6 3. Bg5 Bg7 4. Nbd2 d5 5. c3 Nbd7 6. e3 c5 7. Be2 O-O 8. O-O
b6 9. b4 Bb7 10. Rb1 Ne4 11. Nxe4 dxe4 12. Nd2 cxd4 13. cxd4 a6 14. a4 h6 15.
Bh4 g5 16. Bg3 e5 17. Nc4 exd4 18. exd4 Nf6 19. Nd6 Qd7 20. Nxb7 Qxb7 21. Rc1
Rac8 22. Qd2 Rfd8 23. h4 Nh7 24. Rxc8 Qxc8 25. Rc1 Qf5 $11 26. Rc4 Qe6 27. hxg5
b5 28. axb5 axb5 29. Rc7 Bxd4 30. Qc2 hxg5 31. Qc6 Qxc6 32. Rxc6 Rd5 33. Rd6
Nf6 34. Bxb5 e3 35. Rxd5 Nxd5 36. fxe3 Bxe3+ 37. Bf2 Bd2 38. Bc4 Nxb4 39. Kf1
Nc6 40. Ke2 Bb4 41. Be3 1/2-1/2

[Event "Aachener SV 1 - SV Wattenscheid 2"]
[Site "Oberliga NRW 2012/2013"]
[Date "2012.09.16"]
[Round "1.6"]
[White "Meessen, Rudolf"]
[Black "Franke, Johannes"]
[Result "1/2-1/2"]
[WhiteElo "2253"]
[BlackElo "2309"]
[PlyCount "48"]
[EventDate "2012.??.??"]
[WhiteTeam "Aachener SV 1"]
[BlackTeam "SV Wattenscheid 2"]

1. d4 c5 2. d5 e5 3. e4 d6 4. Bb5+ Nd7 5. a4 Be7 6. Nf3 Ngf6 7. Nc3 O-O 8. O-O
a6 9. Be2 b6 10. Nd2 Bb7 11. Rb1 Qc7 12. Nc4 Rfb8 13. Kh1 Qd8 14. Qd3 Bc8 15.
Na3 Ne8 16. Be3 Bg5 17. Ra1 Bxe3 18. Qxe3 Nf8 19. Nc4 Bd7 20. a5 b5 21. Nb6 Ra7
22. Nd1 Ng6 23. g3 Qe7 24. c4 b4 1/2-1/2

[Event "Aachener SV 1 - SV Wattenscheid 2"]
[Site "Oberliga NRW 2012/2013"]
[Date "2012.09.16"]
[Round "1.7"]
[White "Hirsch, Stefan"]
[Black "Begnis, Nikolaos"]
[Result "0-1"]
[WhiteElo "2168"]
[BlackElo "2243"]
[PlyCount "40"]
[EventDate "2012.??.??"]
[WhiteTeam "SV Wattenscheid 2"]
[BlackTeam "Aachener SV 1"]

1. e4 c5 2. Nf3 d6 3. c3 Nf6 4. Be2 Nc6 5. d3 g6 6. O-O Bg7 7. Nbd2 O-O 8. Re1
Rb8 9. a4 a6 10. Bf1 e5 11. d4 cxd4 12. cxd4 exd4 13. Nb3 Bg4 14. Nbxd4 Nxd4
15. Qxd4 Bxf3 16. gxf3 Nh5 17. Qd2 Be5 18. Qh6 Qh4 19. h3 Bh2+ 20. Kg2 Bf4 0-1

[Event "Aachener SV 1 - SV Wattenscheid 2"]
[Site "Oberliga NRW 2012/2013"]
[Date "2012.09.16"]
[Round "1.8"]
[White "Dischinger, Frank"]
[Black "Henrichs, Wenke"]
[Result "1/2-1/2"]
[WhiteElo "2117"]
[BlackElo "2007"]
[PlyCount "31"]
[EventDate "2012.??.??"]
[WhiteTeam "Aachener SV 1"]
[BlackTeam "SV Wattenscheid 2"]

1. d4 e6 2. Nf3 f5 3. g3 Nf6 4. Bg2 d5 5. c4 Bd6 6. O-O c6 7. Qc2 O-O 8. Ne5
Nbd7 9. f4 Ne4 10. Nd2 Nxe5 11. fxe5 Be7 12. Nxe4 fxe4 13. Be3 Bd7 14. Rxf8+
Bxf8 15. Rb1 b5 16. cxb5 1/2-1/2

[Event "SV Erkenschwick 1 - SF Katernberg 2"]
[Site "Oberliga NRW 2012/2013"]
[Date "2012.09.16"]
[Round "1.1"]
[White "Kotainy, Jens"]
[Black "Erwich, Marc"]
[Result "1-0"]
[WhiteElo "2405"]
[BlackElo "2346"]
[PlyCount "93"]
[EventDate "2012.??.??"]
[WhiteTeam "SF Katernberg 2"]
[BlackTeam "SV Erkenschwick 1"]

1. e4 e5 2. Bc4 Bc5 3. Nf3 Nc6 4. O-O Nf6 5. d4 exd4 6. e5 d5 7. exf6 dxc4 8.
fxg7 Rg8 9. Re1+ Be6 10. Bg5 Qd7 11. Nbd2 Rxg7 12. Ne4 Be7 13. Bxe7 Kxe7 14.
Qd2 Rag8 15. g3 Qd5 16. Rad1 Rg4 17. Qe2 h5 18. b3 cxb3 19. axb3 h4 20. c4 Qf5
21. Nxd4 Nxd4 22. Rxd4 hxg3 23. fxg3 Qe5 24. Rd3 f5 25. Nf2 Qxe2 26. Rxe2 Rh4
27. Rde3 Rh6 28. Nd3 Rd8 29. Nc5 Rd6 30. Nxb7 Rd1+ 31. Kg2 f4 32. gxf4 Kf7 33.
Nc5 Bg4 34. Rf2 Bf5 35. Rfe2 Bg4 36. Ra2 Rc6 37. Ne4 Bf5 38. Ng5+ Kg6 39. Rxa7
Rcd6 40. Nf3 Kh5 41. Rxc7 Kg4 42. c5 Ra6 43. Re2 Kxf4 44. Rf7 Rg6+ 45. Kf2 Rd3
46. Nh4 Rf3+ 47. Nxf3 1-0

[Event "SV Erkenschwick 1 - SF Katernberg 2"]
[Site "Oberliga NRW 2012/2013"]
[Date "2012.09.16"]
[Round "1.2"]
[White "Willemze, Thomas"]
[Black "Hoolt, Sarah"]
[Result "1-0"]
[WhiteElo "2373"]
[BlackElo "2244"]
[PlyCount "103"]
[EventDate "2012.??.??"]
[WhiteTeam "SV Erkenschwick 1"]
[BlackTeam "SF Katernberg 2"]

1. e4 c5 2. Nf3 e6 3. d3 Nc6 4. g3 d5 5. Nbd2 Nf6 6. Bg2 Be7 7. O-O O-O 8. Re1
b5 9. h4 a5 10. e5 Nd7 11. Nf1 b4 12. N1h2 a4 13. h5 Ra6 14. h6 g6 15. Ng4 Nd4
16. Nxd4 cxd4 17. a3 bxa3 18. Rxa3 Bxa3 19. bxa3 Rc6 20. Bd2 Qc7 21. Bb4 Rxc2
22. Kh2 Ba6 23. Qf3 Qd8 24. Bxf8 Qxf8 25. Qf4 Bxd3 26. Qxd4 Rc4 27. Qxd3 Rxg4
28. f4 Qxh6+ 29. Bh3 Rxf4 30. gxf4 Qxf4+ 31. Qg3 Qd2+ 32. Bg2 Qb2 33. Re3 Nc5
34. Qf4 Nd7 35. Qxa4 Nxe5 36. Qb3 Ng4+ 37. Kh3 Qd4 38. Rc3 h5 39. Rc8+ Kh7 40.
Qc3 Nf2+ 41. Kg3 h4+ 42. Kf3 Qxc3+ 43. Rxc3 Ne4 44. Rc7 Kh6 45. a4 f5 46. a5 g5
47. a6 g4+ 48. Kf4 Nf2 49. Ke5 h3 50. a7 hxg2 51. a8=Q Nd3+ 52. Kf6 1-0

[Event "SV Erkenschwick 1 - SF Katernberg 2"]
[Site "Oberliga NRW 2012/2013"]
[Date "2012.09.16"]
[Round "1.3"]
[White "Villwock, Martin"]
[Black "Erwich, Frank A.S"]
[Result "1-0"]
[WhiteElo "2141"]
[BlackElo "2331"]
[PlyCount "59"]
[EventDate "2012.??.??"]
[WhiteTeam "SF Katernberg 2"]
[BlackTeam "SV Erkenschwick 1"]

1. e4 e5 2. Nf3 Nc6 3. Bb5 Nge7 4. c3 d5 5. Qe2 dxe4 6. Qxe4 a6 7. Bxc6+ Nxc6
8. d4 f5 9. Qe2 e4 10. Bf4 Be6 11. O-O Be7 12. Nbd2 O-O 13. Ne5 Nxe5 14. Bxe5
Bg5 15. f3 Bxd2 16. Qxd2 Bd5 17. c4 Bxc4 18. Rfc1 Bd5 19. Rxc7 Rf7 20. Rac1 Bc6
21. Rxf7 Kxf7 22. fxe4 fxe4 23. Qf4+ Kg8 24. Qg3 Qf8 25. Rf1 Qe7 26. Qb3+ Kh8
27. Rf7 Qg5 28. Bxg7+ Qxg7 29. Rxg7 Kxg7 30. d5 1-0

[Event "SV Erkenschwick 1 - SF Katernberg 2"]
[Site "Oberliga NRW 2012/2013"]
[Date "2012.09.16"]
[Round "1.4"]
[White "van Beek, Alexander"]
[Black "Gassmann, Volker"]
[Result "1-0"]
[WhiteElo "2261"]
[BlackElo "2141"]
[PlyCount "79"]
[EventDate "2012.??.??"]
[WhiteTeam "SV Erkenschwick 1"]
[BlackTeam "SF Katernberg 2"]

1. e4 Nf6 2. e5 Nd5 3. d4 d6 4. Nf3 g6 5. Bc4 Nb6 6. Bb3 Bg7 7. Ng5 d5 8. f4 f6
9. Nf3 Nc6 10. c3 Bf5 11. O-O O-O 12. Nh4 Bxb1 13. Rxb1 f5 14. Nf3 e6 15. Be3
Na5 16. Bc2 Re8 17. Bd3 Bf8 18. b3 Kh8 19. Qe2 Nc6 20. Qd2 a5 21. c4 Nb4 22.
Be2 dxc4 23. bxc4 Qd7 24. a3 Nc6 25. d5 exd5 26. Rxb6 cxb6 27. cxd5 Rad8 28.
dxc6 Qxd2 29. Nxd2 Bc5 30. Nc4 Bxe3+ 31. Nxe3 bxc6 32. Rc1 Rd4 33. g3 Rd2 34.
Kf2 Ra2 35. Rxc6 Rd8 36. Rd6 Rc8 37. Rxb6 Rxa3 38. e6 Kg7 39. Nd5 Re8 40. Rb7+
1-0

[Event "SV Erkenschwick 1 - SF Katernberg 2"]
[Site "Oberliga NRW 2012/2013"]
[Date "2012.09.16"]
[Round "1.5"]
[White "Wessendorf, Thomas"]
[Black "Homs, Guust"]
[Result "0-1"]
[WhiteElo "2206"]
[BlackElo "2159"]
[PlyCount "64"]
[EventDate "2012.??.??"]
[WhiteTeam "SF Katernberg 2"]
[BlackTeam "SV Erkenschwick 1"]

1. e4 e5 2. Nf3 Nc6 3. Bc4 Bc5 4. b4 Bxb4 5. c3 Ba5 6. d4 d6 7. Qb3 Qd7 8. dxe5
Bb6 9. O-O Na5 10. Qb4 Nxc4 11. Qxc4 dxe5 12. Nxe5 Qe6 13. Bf4 Nf6 14. Qe2 O-O
15. Nd2 Rd8 16. h3 Bd7 17. a4 Bc6 18. Nxc6 Qxc6 19. a5 Bc5 20. a6 b6 21. Rfe1
Rd7 22. Nc4 Re7 23. Ne5 Qe8 24. Ng4 Nxe4 25. Qf3 Rd8 26. Be3 Nxc3 27. Rec1 Rd3
28. Rxc3 Rxc3 29. Nf6+ gxf6 30. Qxf6 Bxe3 31. fxe3 Rc5 32. Rd1 Rd7 0-1

[Event "SV Erkenschwick 1 - SF Katernberg 2"]
[Site "Oberliga NRW 2012/2013"]
[Date "2012.09.16"]
[Round "1.6"]
[White "Krings, Christoph"]
[Black "Imcke, Patrick"]
[Result "1/2-1/2"]
[WhiteElo "2121"]
[BlackElo "1982"]
[Annotator "Doe,John"]
[PlyCount "40"]
[EventDate "2012.??.??"]
[WhiteTeam "SV Erkenschwick 1"]
[BlackTeam "SF Katernberg 2"]

1. d4 Nf6 2. Nf3 g6 3. c4 Bg7 4. Nc3 d5 5. g3 c5 6. cxd5 Nxd5 7. Bg2 Nc6 8.
Nxd5 Qxd5 9. dxc5 Qxd1+ 10. Kxd1 Bf5 11. Nd2 O-O-O 12. Bxc6 bxc6 13. f3 Bd4 14.
e4 Be6 15. Kc2 Bxc5 16. b3 Bd4 17. Rb1 $11 Rd7 18. Nc4 Rhd8 19. Rd1 Bh3 20. Be3
c5 1/2-1/2

[Event "SV Erkenschwick 1 - SF Katernberg 2"]
[Site "Oberliga NRW 2012/2013"]
[Date "2012.09.16"]
[Round "1.7"]
[White "Stratmann, Holger"]
[Black "Strozewski, Frank"]
[Result "0-1"]
[WhiteElo "1989"]
[BlackElo "1980"]
[PlyCount "70"]
[EventDate "2012.??.??"]
[WhiteTeam "SF Katernberg 2"]
[BlackTeam "SV Erkenschwick 1"]

1. e4 d6 2. d4 g6 3. Nc3 Bg7 4. Nf3 Bg4 5. Be2 Nc6 6. Be3 e5 7. dxe5 Bxf3 8.
Bxf3 Nxe5 9. Be2 Ne7 10. Qd2 O-O 11. Bg5 a6 12. O-O-O b5 13. Nd5 f6 14. Bh6
Nxd5 15. Qxd5+ Kh8 16. Bxg7+ Kxg7 17. f4 Nd7 18. Bf3 Rb8 19. h4 Qe7 20. Qd4 Nb6
21. h5 Rfd8 22. hxg6 hxg6 23. g4 Rh8 24. g5 Rbf8 25. Rhg1 Rh4 26. Bg4 Nc4 27.
b3 c5 28. Qf2 fxg5 29. bxc4 Rxf4 30. Qe2 Rxe4 31. Qf3 Qe5 32. Rxd6 Qa1+ 33. Kd2
Rd4+ 34. Ke2 Rh2+ 35. Rg2 Qd1+ 0-1

[Event "SV Erkenschwick 1 - SF Katernberg 2"]
[Site "Oberliga NRW 2012/2013"]
[Date "2012.09.16"]
[Round "1.8"]
[White "Schawacht, Max"]
[Black "Stremmel, Ralf"]
[Result "0-1"]
[WhiteElo "1816"]
[BlackElo "1991"]
[PlyCount "54"]
[EventDate "2012.??.??"]
[WhiteTeam "SV Erkenschwick 1"]
[BlackTeam "SF Katernberg 2"]

1. e4 d5 2. exd5 Nf6 3. Nf3 Nxd5 4. d4 g6 5. Be2 Bg7 6. O-O O-O 7. Bg5 h6 8.
Be3 Nc6 9. Qd2 Kh7 10. c3 f5 11. Qc2 f4 12. Bd2 Bf5 13. Bd3 e5 14. Bxf5 Rxf5
15. dxe5 Nxe5 16. Nxe5 Bxe5 17. f3 Rh5 18. Qe4 Bd6 19. b4 Qh4 20. h3 Re5 21.
Qd3 Rae8 22. Na3 Re2 23. Be1 Qg5 24. Bf2 Ne3 25. g4 fxg3 26. Bxe3 R8xe3 27. Qb5
g2 0-1

[Event "SG Porz 2 - PSV Duisburg 1"]
[Site "Oberliga NRW 2012/2013"]
[Date "2012.09.16"]
[Round "1.1"]
[White "Fleck, Juergen"]
[Black "Miedema, David"]
[Result "1-0"]
[WhiteElo "2339"]
[BlackElo "2340"]
[PlyCount "149"]
[EventDate "2012.??.??"]
[WhiteTeam "PSV Duisburg 1"]
[BlackTeam "SG Porz 2"]

1. e4 e6 2. d4 d5 3. Nc3 Bb4 4. e5 Ne7 5. a3 Bxc3+ 6. bxc3 c5 7. Qg4 O-O 8. Bd3
Nbc6 9. Qh5 Ng6 10. Nf3 Qc7 11. Be3 c4 12. Bxg6 fxg6 13. Qg4 Qf7 14. Ng5 Qe8
15. h4 Ne7 16. Nh3 b5 17. Nf4 h6 18. h5 g5 19. Nh3 Bd7 20. f4 Nf5 21. Bd2 gxf4
22. Nxf4 a5 23. Ng6 Rf7 24. Qh3 b4 25. g4 Ne7 26. Nxe7+ Rxe7 27. cxb4 c3 28.
Bxc3 Ba4 29. O-O Bxc2 30. bxa5 Rc7 31. Bb4 Qb5 32. Rac1 Rac8 33. Qe3 Kh7 34.
Bc5 Be4 35. Qd2 Rb7 36. Rc3 Qxa5 37. Bb4 Qd8 38. Rxc8 Qxc8 39. Kh2 Qc4 40. Rf2
Qb3 41. Rf1 Rc7 42. Bc5 Qb5 43. Rf8 Qb1 44. Qf2 Qc1 45. Kg3 Qc3+ 46. Kh2 Qd3
47. Qf1 Qb3 48. Qf2 Rb7 49. Bb4 Qd3 50. Rf4 Qd1 51. Kg3 Rc7 52. Bc5 Qd3+ 53.
Kh2 Qc3 54. Rf8 Qc1 55. Kg3 Qa1 56. Rf4 Rxc5 57. dxc5 Qxa3+ 58. Kh4 Qc3 59. Rf7
d4 60. Rf4 Qd3 61. c6 Bxc6 62. Rxd4 Qb1 63. Rc4 Qh1+ 64. Kg3 Be4 65. Rc3 Qb1
66. Qe3 Qh1 67. Kf4 Bb1 68. Kg3 Be4 69. Rc1 Qg2+ 70. Kf4 Bc2 71. Rxc2 Qxc2 72.
Qe4+ Qxe4+ 73. Kxe4 g6 74. Kd4 gxh5 75. gxh5 1-0

[Event "SG Porz 2 - PSV Duisburg 1"]
[Site "Oberliga NRW 2012/2013"]
[Date "2012.09.16"]
[Round "1.2"]
[White "Korotkevych, Stanislav"]
[Black "Wengenroth, Walter"]
[Result "1-0"]
[WhiteElo "2352"]
[BlackElo "2235"]
[Annotator "Doe,John"]
[PlyCount "145"]
[EventDate "2012.??.??"]
[WhiteTeam "SG Porz 2"]
[BlackTeam "PSV Duisburg 1"]

1. d4 Nf6 2. c4 e6 3. Nf3 b6 4. a3 Bb7 5. Nc3 d5 6. cxd5 Nxd5 7. Qc2 Nxc3 8.
bxc3 Be7 9. e4 O-O 10. Bd3 c5 11. O-O Qc7 12. Qe2 Nd7 13. Bb2 Rac8 14. Nd2 Bg5
15. Nf3 Be7 16. Nd2 Bg5 17. a4 Rfe8 18. a5 bxa5 19. Nc4 Ba6 20. Nxa5 c4 21. Bc2
e5 22. Ba4 exd4 23. Qg4 dxc3 24. Bxc3 Bf6 25. Qxd7 Qxd7 26. Bxd7 Bxc3 27. Ra4
Red8 28. Bxc8 Rxc8 29. Rc1 Bb2 30. Rcxc4 Bxc4 31. Nxc4 Bd4 $11 32. Kf1 g6 33.
Ke2 Rc7 34. f4 h5 35. e5 f6 36. Kd3 fxe5 37. fxe5 Bg1 38. h3 Kf7 39. Ke4 Ke7
40. g4 hxg4 41. hxg4 Rc6 42. Nb2 Rc2 43. Nd3 Re2+ 44. Kd5 Rd2 45. Ra3 Bb6 46.
Rc3 Rd1 47. Ke4 Rg1 48. Kf4 Rf1+ 49. Kg5 Kf7 50. e6+ Kxe6 51. Rc6+ Kd5 52. Nb4+
Ke4 53. Re6+ Kd4 54. Kxg6 Rg1 55. g5 Kc4 56. Re4+ Kb3 57. Nc6 a5 58. Re5 Bc7
59. Re7 Bg3 60. Nxa5+ Kc3 61. Re4 Bf2 62. Nc6 Kd3 63. Ra4 Be3 64. Ne5+ Kc2 65.
Nf3 Rg3 66. Nd4+ Kd3 67. Ne6 Ke2 68. Nf4+ Kf3 69. Kf5 Rg1 70. g6 Rb1 71. Ne6
Rg1 72. Rh4 Bc1 73. g7 1-0